Biostatistics / (رقم التسجيلة. 31164)

تفاصيل مارك
000 -الفاتح
حقل البيانات ثابتة الطول 00470nam a2200193 a 4500
001 - رقم الضبط
رقم الضبط ASIN8177543148
003 - محدد رقم الضبط
رقم الضبط OSt
005 - وقت وتاريخ اخر تعامل مع التسجيلة
رقم الضبط 20150408114142.0
008 - عناصر البيانات ثابتة الطول - معلومات عامة
حقل البيانات ثابتة الطول 130928s2012 xxu eng d
020 ## - الرقم الدولى المعيارى للكتب
الرقم الدولى المعيارى للكتاب 9788174731777
040 ## - مصدر الفهرسة
وكالة الفهرسة الأصلية Ma-Un
082 ## - رقم تصنيف ديوى العشرى
رقم الطبعة 22
رقم التصنيف 574.072
100 1# - المدخل الرئيسى - إسم شخصى
الإسم الشخصى Negi, K S
9 (RLIN) 37514
245 10 - بيان العنوان
العنوان Biostatistics /
بيان المسئوليه,etc K S Negi
260 ## - PUBLICATION, DISTRIBUTION, ETC. (IMPRINT)
مكان الناشر او الموزع New Delhi :
اسم الناشر او الموزع A.I.T.B.S,
تاريخ النشر أو التوزيع 2011
300 ## - الوصف المادى
التعداد 252 P.
أبعاد الوعاء 22cm
650 ## - المدخل الاضافى بالموضوع-مصطلح موضوعى
مصطلح موضوعي أو اسم جغرافي كعنصر مدخل Biometry
9 (RLIN) 5548
942 ## - عناصر المدخل الإضافي( كوها)
مصدر التصنيف او مخطط الترفيف Dewey Decimal Classification
Koha [default] item type كتاب
المقتنيات
حالة الفقد نموذج السعر الفعال حالة تلف ليس للاعارة رقم الطلب رقم النسخة تاريخ الاكتساب الموقع الحالي الباركود الفرع الرئيسي Date last seen نوع المادة فى نظام كوها مصدر التصنيف او خطة الترفيف Total Checkouts Date last checked out
  2013-10-10     574.072 NKB n1 2013-10-10 المكتبة المركزية بالمجمعة (CL) 00451130 المكتبة المركزية بالمجمعة (CL) 2013-10-10 كتاب Dewey Decimal Classification    
  2013-10-10     574.072 NKB n2 2013-10-10 المكتبة المركزية بالمجمعة (CL) 00451132 المكتبة المركزية بالمجمعة (CL) 2013-10-10 كتاب Dewey Decimal Classification    
  2013-10-10   Not For Loan 574.072 NKB n3 2013-10-10 المكتبة المركزية بالمجمعة (CL) 00451129 المكتبة المركزية بالمجمعة (CL) 2018-10-07 كتاب Dewey Decimal Classification 1 2018-10-07
  2013-10-10     574.072 NKB n1 2013-10-10 مكتبة مجمع الكليات بالزلفى - طلاب (SZM) 00451127 مكتبة مجمع الكليات بالزلفى - طلاب (SZM) 2013-10-10 كتاب Dewey Decimal Classification    
  2013-10-10     574.072 NKB n2 2013-10-10 مكتبة مجمع الكليات بالزلفى - طلاب (SZM) 00451131 مكتبة مجمع الكليات بالزلفى - طلاب (SZM) 2013-10-10 كتاب Dewey Decimal Classification    
  2013-10-10   Not For Loan 574.072 NKB n3 2013-10-10 مكتبة مجمع الكليات بالزلفى - طلاب (SZM) 00451128 مكتبة مجمع الكليات بالزلفى - طلاب (SZM) 2013-10-10 كتاب Dewey Decimal Classification